Statistics for Sitcom Catchphrases

Click here to take the quiz!

General Stats

  • This quiz has been taken 63 times
  • The average score is 12 of 20

Answer Stats

CatchphraseWho Said It?TV Show% Correct
"D'oh!"HomerThe Simpsons
100%
"Bazinga!"SheldonThe Big Bang Theory
97%
“How YOU doin’?”Joey TribbianiFriends
92%
"Yabba dabba doo!"FredThe Flintstones
90%
“Hello, Newman.”JerrySeinfeld
80%
“Suit up!”Barney StinsonHow I Met Your Mother
75%
“Lucy, you got some explaining to do!”Ricky RicardoI Love Lucy
75%
“That’s what she said.”Michael ScottThe Office
72%
“You got it, dude.”Michelle TannerFull House
60%
“Marcia, Marcia, Marcia!”JanThe Brady Bunch
58%
“Did I do that?”Steve UrkelFamily Matters
57%
“What you talkin’ ’bout, Willis?”Arnold DrummondDiff’rent Strokes
55%
“Missed it by that much.”Maxwell SmartGet Smart
43%
“Dyn-o-mite!”J.J. EvansGood Times
43%
“Bang, zoom, to the moon, Alice!”Ralph KramdenThe Honeymooners
42%
“Nip it in the bud.”Barney FifeAndy Griffith Show
40%
“I know nothing!”Sgt. SchultzHogan’s Heroes
37%
“Up your nose with a rubber hose.”Vinnie BarbarinoWelcome Back, Kotter
37%
“Kiss my grits.”Flo CastleberryAlice
35%
“Let’s hug it out, b&%ch.”Ari GoldEntourage
23%

Score Distribution

Percentile by Number Answered

Percent of People with Each Score

Your Score History

You have not taken this quiz